000 00731nam a2200277Ia 4500
005 20260324114923.0
008 008 260324s9999 xx 000 0 eng d
020 _a9781003129097
037 _aEBOOK
040 _aCRL
040 _beng
040 _cCRL
041 _2eng
041 _aeng
084 _qCRL
100 _aSergey Sementsov; Alexander Leontyev; Santiago Huerta; Ignacio Menéndez Pidal de Nava
_91152672
245 0 _aReconstruction and Restoration of Architectural Heritage
260 _bTaylor and Francis
260 _c2020
365 _a
365 _b290
856 _uhttp://www.taylorfrancis.com/books/9781003129097
942 _cEBOOK
999 _c1743155
_d1743155